[Event "IECC CL5-2010.20 email"]
[Site "IECC email"]
[Date "2011.01.05"]
[Round "?"]
[White "Washburn, David"]
[Black "Baker, Matthew JD"]
[Result "0-1"]
[WhiteElo "1441"]
[BlackElo "1610"]
[PlyCount "34"]
[EventDate "2010.??.??"]
[EventType "tourn (corr)"]
[EventRounds "4"]
[SourceTitle "Corr 2013"]
[Source "ChessBase"]
[SourceDate "2012.11.12"]
[SourceVersion "1"]
[SourceVersionDate "2012.11.12"]
[SourceQuality "1"]
[WhiteTeam "US of America"]
[BlackTeam "France"]
[WhiteTeamCountry "USA"]
[BlackTeamCountry "FRA"]

1. f4 Nf6 2. b3 d5 3. Nf3 g6 4. Bb2 Bg7 5. e3 0-0 6. Be2 c5 7. 0-0 b6 8. d4 Nc6 9. c4 Be6 10. Ng5 Qc8 11. Qe1 cxd4 12. exd4 Ne4 13. Nxe6 fxe6 14. Bg4 Nxd4 15. cxd5 Qc2 16. Nc3 Qxb2 17. Nxe4 Nc2 0-1

[Event "IECC CL5-2010.16 email"]
[Site "IECC email"]
[Date "2010.10.24"]
[Round "?"]
[White "D'Aragona, Vittoria"]
[Black "Washburn, David"]
[Result "1-0"]
[WhiteElo "1461"]
[BlackElo "1448"]
[PlyCount "43"]
[EventDate "2010.??.??"]
[EventType "tourn (corr)"]
[EventRounds "4"]
[SourceTitle "Telechess CBM 149"]
[Source "ChessBase"]
[SourceDate "2012.07.17"]
[SourceVersion "1"]
[SourceVersionDate "2012.07.17"]
[SourceQuality "1"]
[WhiteTeam "Italy"]
[BlackTeam "US of America"]
[WhiteTeamCountry "ITA"]
[BlackTeamCountry "USA"]

1. e4 d5 2. exd5 Nf6 3. d4 Nxd5 4. Nf3 Bg4 5. Bc4 e6 6. 0-0 Be7 7. h3 Bxf3 8. Qxf3 Nc6 9. c3 0-0 10. Nd2 a5 11. Re1 Re8 12. Ne4 Nb6 13. Bb5 a4 14. Bxc6 bxc6 15. Bf4 Nd5 16. Be5 Bd6 17. c4 Bxe5 18. dxe5 Ne7 19. Rad1 Qb8 20. Rd7 Qxb2 21. Ng5 Nf5 22. Qh5 1-0

[Event "IECG CP.2009.P.00022 email"]
[Site "IECG email"]
[Date "2009.10.01"]
[Round "?"]
[White "Washburn, David"]
[Black "Jara, Julio Cesar"]
[Result "0-1"]
[WhiteElo "1381"]
[BlackElo "1381"]
[PlyCount "52"]
[EventDate "2009.10.01"]
[EventType "tourn (corr)"]
[EventRounds "6"]
[EventCountry "ARG"]
[SourceTitle "Corr 2024"]
[Source "ChessBase"]
[SourceDate "2023.10.19"]
[SourceVersion "1"]
[SourceVersionDate "2023.10.19"]
[SourceQuality "1"]

1. Nf3 Nc6 2. d4 d5 3. c4 e6 4. g3 Be7 5. Bg2 dxc4 6. Nc3 Bb4 7. 0-0 Nf6 8. Re1 Nd5 9. Qc2 0-0 10. e4 Nb6 11. Be3 Bd7 12. a3 Bd6 13. Nd2 e5 14. d5 Nd4 15. Bxd4 exd4 16. Nd1 Bb5 17. Bf1 d3 18. Qc1 f5 19. exf5 Rxf5 20. Ne3 Rf8 21. Ndxc4 Nxc4 22. Nxc4 Qf6 23. Nd2 Qxf2+ 24. Kh1 Bxg3 25. hxg3 Rf5 26. Re4 Qxg3 0-1

[Event "IECG TG-2009-0-15955"]
[Site "IECG email"]
[Date "2009.08.02"]
[Round "2"]
[White "Harper, Roy"]
[Black "Washburn, David"]
[Result "1-0"]
[WhiteElo "1418"]
[BlackElo "1258"]
[PlyCount "49"]
[EventDate "2009.08.02"]
[EventType "tourn (corr)"]
[EventRounds "6"]
[SourceTitle "Corr 2024"]
[Source "ChessBase"]
[SourceDate "2023.10.19"]
[SourceVersion "1"]
[SourceVersionDate "2023.10.19"]
[SourceQuality "1"]

1. e4 c5 2. Nf3 g6 3. Nc3 Bg7 4. Bc4 Nc6 5. 0-0 e6 6. d4 cxd4 7. Nb5 d5 8. exd5 exd5 9. Bxd5 Nge7 10. Bxc6+ Nxc6 11. Bg5 Qb6 12. Nd6+ Kf8 13. Bf4 Be6 14. a4 Rd8 15. Re1 h6 16. Qd2 Kg8 17. a5 Qb4 18. Rad1 Qxd2 19. Rxd2 Nxa5 20. Nxd4 g5 21. Nxe6 fxe6 22. Be5 Rd7 23. Bxg7 Rxg7 24. Rxe6 Kh7 25. Nf5 1-0

[Event "IECG TG-2009-0-15955"]
[Site "IECG email"]
[Date "2009.08.02"]
[Round "1"]
[White "Washburn, David"]
[Black "Harper, Roy"]
[Result "0-1"]
[WhiteElo "1258"]
[BlackElo "1418"]
[PlyCount "56"]
[EventDate "2009.08.02"]
[EventType "tourn (corr)"]
[EventRounds "6"]
[SourceTitle "Corr 2024"]
[Source "ChessBase"]
[SourceDate "2023.10.19"]
[SourceVersion "1"]
[SourceVersionDate "2023.10.19"]
[SourceQuality "1"]

1. d4 d5 2. c4 e6 3. Nf3 Nf6 4. g3 dxc4 5. Nc3 Bb4 6. Qc2 0-0 7. Bg2 Nc6 8. e3 Re8 9. 0-0 e5 10. dxe5 Nxe5 11. Nxe5 Rxe5 12. Rd1 Qe7 13. a3 Bf5 14. e4 Bxc3 15. exf5 Re1+ 16. Rxe1 Qxe1+ 17. Bf1 Bd4 18. Kg2 Ng4 19. Rb1 Nxf2 20. Bf4 Qe8 21. Bxc4 Qc6+ 22. Kf1 Qh1+ 23. Ke2 Re8+ 24. Kd2 Ne4+ 25. Kd3 Qf3+ 26. Kxd4 c5+ 27. Kd5 Rd8+ 28. Ke5 Nf6 0-1

[Event "IECG TG-2009-0-15919"]
[Site "IECG email"]
[Date "2009.04.05"]
[Round "2"]
[White "Washburn, David"]
[Black "Himes, Dennis"]
[Result "1-0"]
[WhiteElo "1414"]
[BlackElo "1470"]
[PlyCount "31"]
[EventDate "2009.04.05"]
[EventType "tourn (corr)"]
[EventRounds "6"]
[SourceTitle "Corr 2024"]
[Source "ChessBase"]
[SourceDate "2023.10.19"]
[SourceVersion "1"]
[SourceVersionDate "2023.10.19"]
[SourceQuality "1"]

1. g3 Nf6 2. Bg2 d5 3. c4 e6 4. Nh3 c6 5. d4 Bb4+ 6. Bd2 Bxd2+ 7. Nxd2 0-0 8. 0-0 Re8 9. cxd5 exd5 10. Re1 Bg4 11. f3 Bh5 12. Nf2 Nbd7 13. h4 Qb6 14. Nb3 Re7 15. g4 Bg6 16. h5 1-0

[Event "IECG TG-2009-0-15908"]
[Site "IECG email"]
[Date "2009.02.08"]
[Round "1"]
[White "Washburn, David"]
[Black "Van Dijk, Edgar"]
[Result "1-0"]
[WhiteElo "1414"]
[BlackElo "1191"]
[PlyCount "85"]
[EventDate "2009.02.08"]
[EventType "tourn (corr)"]
[EventRounds "6"]
[SourceTitle "Corr 2024"]
[Source "ChessBase"]
[SourceDate "2023.10.19"]
[SourceVersion "1"]
[SourceVersionDate "2023.10.19"]
[SourceQuality "1"]

1. g3 f5 2. Bg2 Nf6 3. d4 g6 4. h4 Bg7 5. Nh3 0-0 6. 0-0 d6 7. c3 c6 8. Nf4 Qe8 9. Qb3+ e6 10. Nd2 Kh8 11. e4 fxe4 12. Nxe4 Nxe4 13. Bxe4 Na6 14. Nd3 e5 15. dxe5 Bxe5 16. Bh6 Bg7 17. Bxg7+ Kxg7 18. Rae1 Qd8 19. Qd1 Bh3 20. Bg2 Qd7 21. Nf4 Bxg2 22. Kxg2 Nc7 23. Qd4+ Kg8 24. c4 Rae8 25. a3 c5 26. Qc3 Qg4 27. Rxe8 Nxe8 28. Nd5 Qe2 29. b4 Qe6 30. Re1 Qg4 31. Rxe8 Qd4 32. Rxf8+ Kxf8 33. Qxd4 cxd4 34. g4 Kf7 35. f4 h6 36. Kf3 Ke6 37. Nc7+ Kd7 38. Nb5 a6 39. Nxd4 Ke8 40. Ke4 Ke7 41. f5 Kf6 42. fxg6 Kxg6 43. Kd5 1-0

[Event "IECG CP.2008.P.00023 email"]
[Site "IECG email"]
[Date "2008.10.01"]
[Round "?"]
[White "Washburn, David"]
[Black "Paluch, Andrzej"]
[Result "0-1"]
[WhiteElo "1447"]
[BlackElo "1136"]
[PlyCount "30"]
[EventDate "2008.10.01"]
[EventType "tourn (corr)"]
[EventRounds "6"]
[EventCountry "USA"]
[SourceTitle "Corr 2024"]
[Source "ChessBase"]
[SourceDate "2023.10.19"]
[SourceVersion "1"]
[SourceVersionDate "2023.10.19"]
[SourceQuality "1"]

1. d4 Nf6 2. Nf3 g6 3. g3 Bg7 4. Bg2 0-0 5. 0-0 c6 6. c4 d6 7. Nc3 Re8 8. h3 e5 9. dxe5 dxe5 10. Qxd8 Rxd8 11. Nxe5 Be6 12. b3 Nh5 13. Bf4 Nd7 14. Nxd7 Nxf4 15. gxf4 Bxc3 0-1

[Event "IECG QE.2007.0.00109"]
[Site "IECG email"]
[Date "2007.06.25"]
[Round "2.3"]
[White "Washburn, David"]
[Black "Van Dijk, Edgar"]
[Result "1-0"]
[WhiteElo "1352"]
[BlackElo "1220"]
[PlyCount "81"]
[EventDate "2007.06.25"]
[EventType "tourn (corr)"]
[EventRounds "6"]
[SourceTitle "Corr 2024"]
[Source "ChessBase"]
[SourceDate "2023.10.19"]
[SourceVersion "1"]
[SourceVersionDate "2023.10.19"]
[SourceQuality "1"]

1. d4 d5 2. Nf3 Nf6 3. Bg5 Ne4 4. Bf4 e6 5. Nbd2 Nxd2 6. Qxd2 Nc6 7. e3 Bb4 8. c3 Bd6 9. Bd3 0-0 10. 0-0 f6 11. Bc2 e5 12. dxe5 Bxe5 13. Nxe5 fxe5 14. Bg3 Bf5 15. Bb3 Be6 16. Rad1 Ne7 17. Bxe5 c6 18. e4 Ng6 19. exd5 cxd5 20. Bxd5 Bxd5 21. Qxd5+ Qxd5 22. Rxd5 Nxe5 23. Rxe5 Rf7 24. Rfe1 Raf8 25. f3 Rd7 26. Kf2 Rfd8 27. Re8+ Rxe8 28. Rxe8+ Kf7 29. Re2 Rd1 30. c4 Ra1 31. b3 Rd1 32. g3 Rd6 33. f4 a6 34. g4 b5 35. c5 Re6 36. Rxe6 Kxe6 37. b4 Kd5 38. h4 g6 39. f5 gxf5 40. gxf5 Ke5 41. c6 1-0

[Event "IECG QD.2007.0.00098 email"]
[Site "IECG email"]
[Date "2007.03.12"]
[Round "?"]
[White "Washburn, David"]
[Black "Casser, Aaron"]
[Result "1/2-1/2"]
[WhiteElo "1500"]
[BlackElo "1561"]
[PlyCount "103"]
[EventDate "2007.03.12"]
[EventType "tourn (corr)"]
[EventRounds "6"]
[SourceTitle "Corr 2024"]
[Source "ChessBase"]
[SourceDate "2023.10.19"]
[SourceVersion "1"]
[SourceVersionDate "2023.10.19"]
[SourceQuality "1"]

1. c4 Nf6 2. g3 g6 3. Bg2 Bg7 4. Nc3 d6 5. d3 c5 6. Nh3 Nc6 7. Nf4 0-0 8. 0-0 Bd7 9. a3 a6 10. Rb1 Rc8 11. Bd2 Re8 12. b4 e5 13. Nfd5 cxb4 14. axb4 Nxd5 15. Nxd5 Nd4 16. e3 Nf5 17. Qb3 Be6 18. b5 axb5 19. Qxb5 Rb8 20. Ba5 Qc8 21. Qb6 Bxd5 22. Bxd5 Qd7 23. Qc7 Qxc7 24. Bxc7 Rbc8 25. Rxb7 Re7 26. Bxd6 Rxb7 27. Bxb7 Nxd6 28. Bxc8 Nxc8 29. Rb1 Bf8 30. c5 Ne7 31. Rb8 Kg7 32. Kg2 f5 33. d4 exd4 34. exd4 Kf7 35. Rb7 Ke6 36. Kf3 Nc6 37. Ke3 Be7 38. f3 Bf6 39. Rxh7 Bxd4+ 40. Kf4 Bxc5 41. Kg5 Be7+ 42. Kxg6 Ne5+ 43. Kh5 Nxf3 44. h4 Ne5 45. Rxe7+ Kxe7 46. Kg5 Ke6 47. h5 Ng4 48. h6 Nxh6 49. Kxh6 Ke5 50. Kg5 Ke4 51. Kf6 f4 52. gxf4 1/2-1/2

[Event "IECG QD.2007.0.00098 email"]
[Site "IECG email"]
[Date "2007.03.12"]
[Round "?"]
[White "Washburn, David"]
[Black "Martins, Karin"]
[Result "1-0"]
[WhiteElo "1500"]
[BlackElo "1498"]
[PlyCount "83"]
[EventDate "2007.03.12"]
[EventType "tourn (corr)"]
[EventRounds "6"]
[SourceTitle "Corr 2024"]
[Source "ChessBase"]
[SourceDate "2023.10.19"]
[SourceVersion "1"]
[SourceVersionDate "2023.10.19"]
[SourceQuality "1"]

1. d4 Nf6 2. Nf3 e6 3. Bg5 Be7 4. Nbd2 d6 5. e4 0-0 6. Bd3 Nc6 7. c3 h6 8. Bxf6 Bxf6 9. 0-0 e5 10. d5 Ne7 11. b4 c6 12. c4 Ng6 13. g3 Bh3 14. Re1 Be7 15. Qb3 Qd7 16. dxc6 bxc6 17. a4 Rab8 18. b5 Be6 19. Qc3 Rfc8 20. Reb1 Qc7 21. h4 Nf8 22. Nh2 Nd7 23. Nhf1 d5 24. cxd5 cxd5 25. Qxc7 Rxc7 26. exd5 Bxd5 27. Ne3 Be6 28. Bc4 Bc5 29. Bxe6 fxe6 30. Rc1 Rbc8 31. Nb3 Bb6 32. Rxc7 Rxc7 33. Rd1 Bxe3 34. fxe3 Kf7 35. Kf2 Nb6 36. a5 Nd5 37. Rd3 Rb7 38. b6 axb6 39. axb6 e4 40. Nc5 exd3 41. Nxb7 Nxb6 42. Nd6+ 1-0

[Event "IECG CD.2006.0.00117 email"]
[Site "IECG email"]
[Date "2007.02.11"]
[Round "?"]
[White "Schalkwijk, Peter H"]
[Black "Washburn, David"]
[Result "1-0"]
[WhiteElo "1438"]
[BlackElo "1500"]
[PlyCount "47"]
[EventDate "2007.02.11"]
[EventType "tourn (corr)"]
[EventRounds "6"]
[SourceTitle "Corr 2008"]
[Source "ChessBase"]
[SourceDate "2008.06.24"]
[SourceVersion "1"]
[SourceVersionDate "2008.06.24"]
[SourceQuality "1"]

1. e4 d5 2. exd5 Qxd5 3. Nc3 Qa5 4. Be2 e5 5. Bf3 c6 6. Nge2 Be6 7. 0-0 Nd7 8. d3 0-0-0 9. Bd2 Bb4 10. a3 Bxc3 11. Bxc3 Qc7 12. Qd2 f6 13. Qe3 Kb8 14. Rfe1 Ne7 15. Ng3 g6 16. d4 Nd5 17. Bxd5 Bxd5 18. dxe5 Rhe8 19. Ne4 Bxe4 20. Qxe4 f5 21. Qe3 Re6 22. f4 g5 23. Rad1 g4 24. Qd3 1-0

[Event "IECG QD.2007.0.00097 email"]
[Site "IECG email"]
[Date "2007.01.19"]
[Round "?"]
[White "Schalkwijk, Peter H"]
[Black "Washburn, David"]
[Result "1-0"]
[WhiteElo "1438"]
[BlackElo "1500"]
[PlyCount "49"]
[EventDate "2007.01.19"]
[EventType "tourn (corr)"]
[EventRounds "6"]
[SourceTitle "Corr 2008"]
[Source "ChessBase"]
[SourceDate "2008.06.24"]
[SourceVersion "1"]
[SourceVersionDate "2008.06.24"]
[SourceQuality "1"]

1. d4 d5 2. c4 c6 3. cxd5 cxd5 4. Nf3 Nf6 5. Nc3 Nc6 6. Bf4 a6 7. Rc1 Bf5 8. Nh4 Bg6 9. Nxg6 hxg6 10. e3 e6 11. h3 Bd6 12. Bxd6 Qxd6 13. Qb3 0-0 14. h4 Rfc8 15. Be2 e5 16. dxe5 Qxe5 17. h5 gxh5 18. Qxb7 Na5 19. Qb4 Nc4 20. Nd1 Rab8 21. Qc3 Qxc3+ 22. Rxc3 g6 23. Rh4 a5 24. Bxc4 Ne4 25. Rb3 1-0

[Event "IECC M-5417"]
[Site "IECC email"]
[Date "2006.02.01"]
[Round "?"]
[White "Ayata, Tayfun"]
[Black "Washburn, David"]
[Result "1-0"]
[WhiteElo "1904"]
[BlackElo "1557"]
[PlyCount "39"]
[EventDate "2006.??.??"]
[EventType "tourn (corr)"]
[EventRounds "10"]
[SourceTitle "Corr 2008"]
[Source "ChessBase"]
[SourceDate "2008.06.24"]
[SourceVersion "1"]
[SourceVersionDate "2008.06.24"]
[SourceQuality "1"]

1. e4 d5 2. exd5 c6 3. d4 cxd5 4. c4 Nf6 5. Nc3 g6 6. Qb3 Bg7 7. cxd5 Nbd7 8. Be2 0-0 9. Bf3 Nb6 10. Nge2 e6 11. dxe6 Bxe6 12. Qd1 Nfd5 13. 0-0 Qd7 14. Ne4 Rfd8 15. Bg5 f6 16. Nc5 Qf7 17. Bc1 g5 18. Nxe6 Qxe6 19. Ng3 f5 20. Bxg5 1-0